banner-ar

موسوعة اليهود واليهودية والصهيونية : (Record no. 59713)

MARC details
000 -الفاتح
حقل البيانات ثابتة الطول 00827nam a2200241Ia 4500
005 - وقت وتاريخ اخر تعامل مع التسجيلة
رقم الضبط 20240530110328.0
008 - عناصر البيانات ثابتة الطول - معلومات عامة
حقل البيانات ثابتة الطول 140319s9999 xx 000 0 ara d
020 ## - الرقم الدولى المعيارى للكتب
الرقم الدولى المعيارى للكتاب 1051509977
040 ## - مصدر الفهرسة
وكالة الفهرسة الأصلية GCL /
وكالة النسخ GCL
082 04 - رقم تصنيف ديوى العشرى
رقم التصنيف 956.90303
رقم المادة م/ع م
100 1# - المدخل الرئيسى - إسم شخصى
الإسم الشخصى عبدالوهاب المسيرى
240 ## - العنوان الموحد
عنوان موحد موسوعة المسيرى
245 10 - بيان العنوان
العنوان موسوعة اليهود واليهودية والصهيونية :
بقية العنوان نموذج تفسيرى جديد /
بيان المسئوليه,etc عبدالوهاب المسيرى
250 ## - بيان الطبعة
بيان الطبعة ط1
260 ## - PUBLICATION, DISTRIBUTION, ETC. (IMPRINT)
تاريخ النشر أو التوزيع 1999
300 ## - الوصف المادى
التعداد 8 مج ؛
أبعاد الوعاء 28 سم
650 04 - المدخل الاضافى بالموضوع-مصطلح موضوعى
مصطلح موضوعي دوائر المعارف
650 04 - المدخل الاضافى بالموضوع-مصطلح موضوعى
مصطلح موضوعي اليهود - تاريخ
650 04 - المدخل الاضافى بالموضوع-مصطلح موضوعى
مصطلح موضوعي الصهيونية - موسوعات
650 04 - المدخل الاضافى بالموضوع-مصطلح موضوعى
مصطلح موضوعي اليهودية - موسوعات
942 ## - عناصر المدخل الإضافي( كوها)
مصدر التصنيف او مخطط الترفيف Dewey Decimal Classification
Koha [default] item type المراجع
260 ## - PUBLICATION, DISTRIBUTION, ETC. (IMPRINT)
-- القاهرة :
-- دار الشروق ،
Holdings
حالة التراجع حالة الفقد مصدر التصنيف او خطة الترفيف حالة تلف ليس للاعارة المكان المؤقت الموقع الحالى تاريخ الاكتساب اجمالي اﻻعارات رقم الطلب الباركود تاريخ اخر مشاهدة تاريخ تفعيل السعر نوع وعاء كوها
    ddc     مكتبة القاهرة الكبرى مكتبة القاهرة الكبرى 03/26/2014   956.90303 م/ع م 158455 03/26/2014 03/26/2014 المراجع
    ddc     مكتبة القاهرة الكبرى مكتبة القاهرة الكبرى 03/26/2014   956.90303 م/ع م 158456 03/26/2014 03/26/2014 المراجع
    ddc     مكتبة القاهرة الكبرى مكتبة القاهرة الكبرى 03/26/2014   956.90303 م/ع م 158457 03/26/2014 03/26/2014 المراجع
          مكتبة القاهرة الكبرى مكتبة القاهرة الكبرى 03/26/2014   م\956.90303\ع م 158458 03/26/2014 03/26/2014 المراجع
          مكتبة القاهرة الكبرى مكتبة القاهرة الكبرى 03/26/2014   م\956.90303\ع م 158459 03/26/2014 03/26/2014 المراجع
          مكتبة القاهرة الكبرى مكتبة القاهرة الكبرى 03/26/2014   م\956.90303\ع م 158460 03/26/2014 03/26/2014 المراجع
          مكتبة القاهرة الكبرى مكتبة القاهرة الكبرى 03/26/2014   م\956.90303\ع م 158461 03/26/2014 03/26/2014 المراجع
          مكتبة القاهرة الكبرى مكتبة القاهرة الكبرى 03/26/2014   م\956.90303\ع م 158462 03/26/2014 03/26/2014 المراجع
          مكتبة القاهرة الكبرى مكتبة القاهرة الكبرى 03/26/2014   م\956.90303\ع م 158463 03/26/2014 03/26/2014 المراجع
          مكتبة القاهرة الكبرى مكتبة القاهرة الكبرى 03/26/2014   م\956.90303\ع م 158464 03/26/2014 03/26/2014 المراجع
          مكتبة القاهرة الكبرى مكتبة القاهرة الكبرى 03/26/2014   م\956.90303\ع م 158465 03/26/2014 03/26/2014 المراجع
          مكتبة القاهرة الكبرى مكتبة القاهرة الكبرى 03/26/2014   م\956.90303\ع م 158466 03/26/2014 03/26/2014 المراجع
          مكتبة القاهرة الكبرى مكتبة القاهرة الكبرى 03/26/2014   م\956.90303\ع م 158467 03/26/2014 03/26/2014 المراجع
          مكتبة القاهرة الكبرى مكتبة القاهرة الكبرى 03/26/2014   م\956.90303\ع م 158468 03/26/2014 03/26/2014 المراجع
          مكتبة القاهرة الكبرى مكتبة القاهرة الكبرى 03/26/2014   م\956.90303\ع م 158469 03/26/2014 03/26/2014 المراجع
          مكتبة القاهرة الكبرى مكتبة القاهرة الكبرى 03/26/2014   م\956.90303\ع م 158470 03/26/2014 03/26/2014 المراجع
          مكتبة القاهرة الكبرى مكتبة القاهرة الكبرى 03/26/2014   م\956.90303\ع م 158471 03/26/2014 03/26/2014 المراجع

Powered By

EGPV